| 000 | 00509nam a22001937a 4500 | ||
|---|---|---|---|
| 003 | MPLRDC | ||
| 005 | 20220104150359.0 | ||
| 008 | 210129b ||||| |||| 00| 0 eng d | ||
| 020 | _a957-583-962-5 | ||
| 082 | _a856.8 RBL c.2 | ||
| 100 | _a任柏良 | ||
| 245 |
_a人生戒律, 100则警世智慧小故事 _c |
||
| 250 | _a初版 | ||
| 260 |
_a _b晨星出版社 _c2001 |
||
| 300 | _b平 | ||
| 490 | _a劲草丛书. 142 | ||
| 650 | _a函牍及杂著--寓言; 讽刺; 笑话 | ||
| 942 |
_cBK _o856.8 RBL c.2 |
||
| 999 |
_c51837 _d51827 |
||